000 00648nam a2200277Ia 4500
005 20260324135614.0
008 008 260324s9999 xx 000 0 eng d
020 _a9781315865263
037 _aEBOOK
040 _aCRL
040 _beng
040 _cCRL
041 _2eng
041 _aeng
084 _qCRL
100 _aChristine E Thompson
_91201219
245 0 _aIntegration in the Library Organization
260 _bTaylor and Francis
260 _c2000
365 _a
365 _b220
856 _uhttp://www.taylorfrancis.com/books/9781315865263
942 _cEBOOK
999 _c1802483
_d1802483